| 000 | 01119cam a2200313 i 4500 | ||
|---|---|---|---|
| 999 |
_c200438756 _d56968 |
||
| 001 | 200438756 | ||
| 003 | TR-AnTOB | ||
| 005 | 20201007141545.0 | ||
| 007 | ta | ||
| 008 | 190620s2016 enga $r01 $$$$ eengu | ||
| 020 | _a9789849016090 | ||
| 040 |
_aTR-AnTOB _beng _erda _cTR-AnTOB |
||
| 041 | 0 | _aeng | |
| 050 | 1 | 4 |
_aDS393.5 _b.B36 2016 |
| 090 |
_aDS393.5 _b.B36 2016 |
||
| 245 | 0 | 0 |
_aBangladesh / _ceditors Anisuzzaman, Syed Manzoorul Islam, Ziaul Karim. |
| 264 | 1 |
_aDhaka : _bNymphea Publication, _c2016. |
|
| 300 |
_a495 pages : _billustrations ; _c20 cm |
||
| 336 |
_2rdacontent _atext _btxt |
||
| 337 |
_2rdamedia _aunmediated _bn |
||
| 338 |
_2rdacarrier _avolume _bnc |
||
| 505 | 0 | _aIntroduction--History--Art--Literature--Architecture--Food--Festivals--Folk and Craft--Music--Sports--Clothing--Performing arts--Film--Business and economy--Nature--Travels in Bangladesh | |
| 651 | 0 |
_aBangladesh _9128548 |
|
| 700 | 0 |
_aĀnisujjāmāna _eeditor _9128545 |
|
| 700 | 1 |
_aIsalāma, Saiẏada Manajurula _eeditor _9128546 |
|
| 700 | 0 |
_aZiaul Karim _eeditor _9128547 |
|
| 942 |
_2lcc _cBK |
||